000 00468nam a2200181Ia 4500
003 LK-CoDNM
008 010623t2004 xxu||||| |||| 00| 1 sin d
040 _aLK-CoDNM
_dLK-CoDNM
_eLK-CoDNM
041 _asin
080 _a001
_bARN
100 _aAranglla,Rukmani
245 _aසාමාන්‍ය දැනීම
246 _aSamanya Danima
260 _bMasitha
_a Dankotuwa
_c2004
300 _b94p.;21 cm cm
650 _aGeneral Knowledge
942 _cBK
999 _c124175
_d124175